zpět

Detail výsledku týmu

Klub Tyjátr, Svitavy

Datum a čas kvízu

38 Celkem bodů Celkový počet nahraných bodů na tomto kvízu bez doplňovacích otázek.
2. Pořadí na kvízu Konečné umístění týmu na tomto kvízu.

Zaznamenané odpovědi

# Otázka Odpověď Body Výsledky
1. Minulou středu sněmovna schvál... Od roku 2027. 1
2. Jeden muž v severoanglickém Ma... had 1
3. Minulý týden jsme se dozvěděli... Nicholas Winton 1
4. Cena Ig Nobel Prize, tedy jaká... helium 1
5. Letošní Tour de France se zaps... Tadej Pogačar 0
6. Po dějinách Ukrajiny, které js... Arpádovci 1
7. Jak se nazývá město v jižním M... Moháč 1
8. V rámci Pařížské mírové konfer... Trianonská smlouva 1
9. Liberální pojetí socialismu sp... gulášový socialismus/komunismus 0
10. Napište šestipísmennou zkratku... Fidesz 1